Loading...
Social Science | 0 | 3 | 1 | 0 | 25 | 105 | 123.33 | 0 | 1 |
Fine Arts - Auditory Fine Arts | 0 | 1 | 0 | 0 | 10 | 100 | 100.00 | 0 | 1 |
History - American History | 0 | 1 | 0 | 0 | 10 | 93 | 93.00 | 1 | 1 |
History - European History | 0 | 1 | 0 | 0 | 10 | 96 | 96.00 | 0 | 0 |
Philosophy | 0 | 1 | 0 | 0 | 10 | 125 | 125.00 | 0 | 1 |
Science - Biology | 0 | 1 | 0 | 0 | 10 | 111 | 111.00 | 0 | 0 |
Fine Arts - Visual Fine Arts | 0 | 1 | 1 | 0 | 5 | 150 | 150.00 | 0 | 0 |
Literature - British Literature | 0 | 1 | 1 | 0 | 5 | 121 | 121.00 | 0 | 0 |
Literature - European Literature | 0 | 0 | 0 | 0 | 0 | 0.00 | 0 | 0 | |
Geography | 0 | 0 | 0 | 0 | 0 | 0.00 | 0 | 0 | |
Literature - World Literature | 0 | 0 | 1 | 0 | -5 | 0.00 | 0 | 0 | |
Other Academic | 0 | 0 | 1 | 0 | -5 | 0.00 | 0 | 0 |